Vodní hospodářství a ochrana ovzduší

Uložené v:
Podrobná bibliografia
Médium: Seriál
Jazyk:Czech
Vydavateľské údaje: Praha PARTA 1993
Tagy: Pridať tag
Žiadne tagy, Buďte prvý, kto otaguje tento záznam!

MARC

LEADER 00000nas2a2200000 4500
001 s014061
005 20250617104159.6
022 |a 1211-0760 
041 0 |a cze 
044 |a CZ 
245 1 0 |a Vodní hospodářství a ochrana ovzduší 
264 1 |a Praha  |b PARTA  |c 1993 
300 |a 2 zv.